| 000 | 00000nas 2200000za 4500 |
| 001 | 9.826234 |
| 003 | CaOODSP |
| 005 | 20241127112818 |
| 007 | cr ||||||||||| |
| 008 | 161024u1946uuuuoncuu m o f0###|0eng|d |
| 022 | # |y0410-7926 |
| 040 | |aCaOODSP|beng |
| 041 | |aeng|afre |
| 043 | |an-cn--- |
| 086 | 1 |aEn57-23-PDF |
| 086 | 1 |aEn57-23E-PDF |
| 130 | 0 |aCLI (series : Online) |
| 245 | 00|aCLI |h[electronic resource] / |cAtmospheric Environment Service. |
| 260 | |aDownsview, Ont. : |bEnvironment Canada |
| 546 | |aText in English and French; some issues in English only. |
| 550 | |aIssued 1946-1971 by the Department of Transport. |
| 588 | 1 |aDescription based on: CLI-1-91. |
| 692 | 07|2gccst|aMeteorology |
| 692 | 07|2gccst|aClimate |
| 710 | 1 |aCanada. |bAtmospheric Environment Service. |
| 710 | 1 |aCanada.|bDepartment of Transport. |
| 775 | 08|tCLI |w(CaOODSP)9.865830 |
| 776 | 0#|tCLI / |w(CaOODSP)9.509296 |
| 792 | |tCLI |efre|w(CaOODSP)9.826242 |